000 00252nam a22000977a 4500
999 _c11823
_d11823
008 200225b ||||| |||| 00| 0 eng d
020 _a0871974525
100 _aTheodorou Rod
_97500
245 _aTriceratops Had Horns
260 _aItaly
_bSouth Western
_c1997